Statystyki dla Rodzaje ciast

Kliknij tutaj aby rozwiązać quiz!

Ogólne statystyki

  • Ten quiz został rozwiązany 150 razy
    (130 od ostatniego zresetowania)
  • Średni wynik to 12 z 33

Statystyki odpowiedzi

Ciasto% Poprawnych
sernik
91%
makowiec
71%
szarlotka
68%
tort
66%
babka
65%
biszkopt
63%
jabłecznik
55%
karpatka
52%
tarta
51%
drożdżowe
49%
piernik
48%
czekoladowe
45%
wuzetka
42%
mazurek
39%
brownie
36%
kopiec kreta
36%
marchewkowe
36%
tiramisu
36%
keks
31%
rolada
29%
cytrynowe
23%
napoleonka
23%
pleśniak
22%
miodownik
21%
leśny mech
20%
bananowe
18%
orzechowiec
18%
kokosowe
17%
strucla
15%
jogurtowe
14%
dyniowe
12%
krówkowe
7%
porzeczkowiec
4%

Rozkład punktacji

Percentyl według liczby udzielonych odpowiedzi

Procent ludzi z każdym wynikiem

Twoja historia wyników

Nie rozwiązałeś tego quizu od ostatniego zresetowania